2021中国西部百强县市 - Statistics

General Stats
  • This quiz has been taken 66 times
  • The average score is 44 of 100
Answer Stats
排名 所属行政区 市/县/旗 % Correct
1 榆林 神木市
88%
9 新疆直辖 石河子市
86%
5 凉山 西昌市
77%
10 巴音郭楞 库尔勒市
77%
15 大理 大理市
77%
16 成都 都江堰市
75%
14 昌吉 昌吉市
72%
52 黔南 都匀市
72%
61 阿克苏 阿克苏市
72%
4 遵义 仁怀市
70%
12 成都 简阳市
68%
20 黔西南 兴义市
68%
24 楚雄 楚雄市
68%
47 伊犁 伊宁市
68%
59 黔东南 凯里市
67%
37 文山 文山市
65%
11 成都 彭州市
63%
33 锡林郭勒 锡林浩特市
63%
28 海西 格尔木市
61%
35 红河 蒙自市
61%
7 六盘水 盘州市
60%
23 德阳 广汉市
60%
58 新疆直辖 五家渠市
60%
8 榆林 府谷县
58%
27 银川 灵武市
58%
31 德阳 什邡市
58%
57 红河 个旧市
58%
65 喀什 喀什市
58%
77 新疆直辖 阿拉尔市
58%
25 成都 邛崃市
56%
3 鄂尔多斯 伊金霍洛旗
54%
21 成都 崇州市
54%
32 德阳 绵竹市
54%
34 乐山 峨眉山市
53%
71 西双版纳 景洪市
53%
2 鄂尔多斯 准格尔旗
51%
26 阿克苏 库车市
51%
51 呼伦贝尔 满洲里市
51%
22 绵阳 江油市
49%
6 昆明 安宁市
47%
29 渭南 韩城市
47%
36 重庆 忠县
46%
54 成都 大邑县
46%
78 南充 阆中市
46%
13 成都 金堂县
44%
53 榆林 靖边县
44%
81 保山 腾冲市
44%
17 鄂尔多斯 鄂托克旗
42%
40 曲靖 宣威市
42%
60 玉林 北流市
42%
92 榆林 定边县
42%
44 遂宁 射洪市
40%
55 红河 弥勒市
40%
97 博尔塔拉 博乐市
40%
42 贵阳 清镇市
39%
46 重庆 丰都县
39%
48 重庆 云阳县
39%
70 伊犁 霍尔果斯市
39%
87 阿拉善 阿拉善左旗
39%
18 鄂尔多斯 乌审旗
37%
99 兴安 乌兰浩特市
37%
19 眉山 仁寿县
35%
43 昌吉 阜康市
35%
49 泸州 泸县
35%
56 百色 平果市
35%
63 伊犁 奎屯市
35%
64 红河 开远市
35%
66 银川 贺兰县
33%
68 贵阳 开阳县
33%
82 重庆 奉节县
33%
39 达州 宣汉县
32%
45 通辽 霍林郭勒市
32%
50 达州 渠县
32%
73 鄂尔多斯 鄂托克前旗
32%
76 贵港 桂平市
32%
30 鄂尔多斯 达拉特旗
30%
41 达州 大竹县
30%
88 玉林 博白县
28%
90 酒泉 玉门市
28%
95 北海 合浦县
28%
74 广安 邻水县
26%
38 重庆 垫江县
25%
69 延安 吴起县
25%
75 绵阳 三台县
25%
93 重庆 秀山土家族苗族自治县
25%
67 延安 黄陵县
21%
72 广安 岳池县
21%
84 南充 南部县
21%
80 延安 志丹县
19%
91 红河 建水县
19%
86 遵义 习水县
18%
83 黔南 龙里县
16%
85 自贡 富顺县
16%
89 内江 威远县
16%
94 咸阳 彬州市
16%
79 毕节 金沙县
14%
62 锡林郭勒 西乌珠穆沁旗
12%
100 钦州 灵山县
11%
98 呼和浩特 土默特左旗
9%
96 玉溪 新平县
4%
No matching quizzes found
Score Distribution
Percent of People with Each Score
Percentile by Number Answered
Your Score History
You have not taken this quiz